5 Oceans - Statistics

General Stats
  • This quiz has been taken 50 times
  • The average score is 4 of 5
Answer Stats
Area (km) Ocean % Correct
168,723,000 Pacific Ocean
100%
85,133,000 Atlantic Ocean
90%
15,558,000 Arctic Ocean
77%
70,560,000 Indian Ocean
64%
21,960,000 Antarctic Ocean/Southern Ocean
49%
No matching quizzes found
Score Distribution
Percent of People with Each Score
Percentile by Number Answered
Your Score History
You have not taken this quiz